01945cam a22004094i 4500003000900000005001700009008004100026020001500067035002700082040003300109082001700142100003000159245006900189264004100258300005200299336002100351337002500372338002300397490003200420505089400452526001001346526001001356526000901366526000901375526000901384526000901393526000901402526000901411526000901420526000801429526000801437526000801445526000801453526000801461650003701469700002901506PE-LiUPU20250731165527.0150623s r 000 0 d a8470501143 a(Sirsi) i9788470501142 aPE-LiUPUbspacPE-LiUPUerda04a270.9bH2211 aBréhier, Lois ,eautor.13aEl nacimiento de Europa.n5 /cLouis Bréhier y René Aigrain. 1aValencia, España :bEdicep,c1974. a768 páginas :bil., fotos ;c28 centímetros atext2rdacontent aunmediated2rdamedia avolume2rdacarrier0 aHistoria de la iglesia ;v50 aSan Gregorio Magno y su política. -Las relaciones entre Roma y Constantinopla desde el advenimiento de Gregorio Magno hasta la caída de Focas. -La crisis del imperio y la restuaración de Heraclio. -La nueva crisis religiosa, Judíos, monoenergismo, islam. -La"Ekthesis", fin del reinado y sucesión de Heraclio. -La desmembración de las cristiandades orientales y el cisma monotelita. -Los últimos heráclidas.Restablecimiento de la paz. Guerras civiles e invasiones. -El fin del africa cristiana. -La España cristiana. - Inglaterra cristiana y las iglesias célticas. -La iglesia franca bajo los merovingios. -Los papas e Italia desde el año 604 al 757. -La disputa sobre las imagenes hasta el concilio iconoclasta del 754. -La vida de la iglesia bizantina desde Mauricio a ConstantinoV. -El monaquismo occidental . -LOs bienes temporales de las iglesias occidentales. aSEG44 aSEG26 aP151 aP150 aP149 aP146 aP145 aP126 aP125 aP92 aP75 aP74 aP27 aP1504aIglesiaxHistoriayEuropa, 1942.1 aAigrain, René,eautor.